Eye on the Ball/ (Record no. 59010)

MARC details
000 -LEADER
fixed length control field 00419 a2200145 4500
008 - FIXED-LENGTH DATA ELEMENTS--GENERAL INFORMATION
fixed length control field 240321b ||||| |||| 00| 0 eng d
020 ## - INTERNATIONAL STANDARD BOOK NUMBER
International Standard Book Number 9966227792
050 ## - LIBRARY OF CONGRESS CALL NUMBER
Classification number PR9381.9
Item number .K56 2010
100 ## - MAIN ENTRY--PERSONAL NAME
Personal name Kinyua, Evans.
245 ## - TITLE STATEMENT
Title Eye on the Ball/
Statement of responsibility, etc Evans Kinyua
260 ## - PUBLICATION, DISTRIBUTION, ETC. (IMPRINT)
Name of publisher, distributor, etc The Jomo Kenyatta Foundation
Date of publication, distribution, etc 2010
Place of publication, distribution, etc Nairobi :
300 ## - PHYSICAL DESCRIPTION
Extent v, 123 p. ;
Dimensions 21 cm.
650 ## - SUBJECT ADDED ENTRY--TOPICAL TERM
Topical term or geographic name as entry element Young men
Form subdivision Fiction
Geographic subdivision Africa
942 ## - ADDED ENTRY ELEMENTS (KOHA)
Item type Book
Source of classification or shelving scheme Library of Congress Classification
Holdings
Withdrawn status Lost status Source of classification or shelving scheme Damaged status Not for loan Collection code Home library Current library Shelving location Date acquired Source of acquisition Cost, normal purchase price Total Checkouts Total Renewals Full call number Barcode Date last seen Date last borrowed Copy number Price effective from Koha item type
    Library of Congress Classification     Non-fiction Bishop Okullu Memorial Library (Limuru Campus) Bishop Okullu Memorial Library (Limuru Campus) General Circulation 21/03/2024 purchase 500.00 2 1 PR9381.9 .K56 2010 071430 12/01/2026 08/12/2025 1 21/03/2024 Book